[Event "Mogliano Veneto op-B 43th"]
[Site "Mogliano Veneto"]
[Date "2023.04.23"]
[Round "1"]
[White "Rosina, Graziano"]
[Black "Mazzella, Riccardo"]
[Result "1-0"]
[WhiteElo "1664"]
[BlackElo "1231"]
[PlyCount "113"]
[EventDate "2023.04.23"]
[EventType "swiss"]
[EventRounds "5"]
[EventCountry "ITA"]
[SourceTitle "EXT 2024"]
[Source "ChessBase"]
[SourceDate "2023.10.10"]
[SourceVersion "1"]
[SourceVersionDate "2023.10.10"]
[SourceQuality "1"]

1. Nf3 d6 2. d4 g6 3. e4 Bg7 4. Be2 Bg4 5. 0-0 Nc6 6. Be3 Nf6 7. Nc3 0-0 8. Qd2 Re8 9. h3 Bxf3 10. Bxf3 e5 11. d5 Ne7 12. Nb5 c6 13. dxc6 bxc6 14. Nxd6 Rf8 15. Nc4 Qxd2 16. Bxd2 Nd7 17. Bc3 f5 18. Rad1 Nc5 19. exf5 e4 20. Bxg7 Kxg7 21. Be2 Nxf5 22. Ne5 e3 23. fxe3 Nxe3 24. Rxf8 Rxf8 25. Rd6 Re8 26. Nxc6 Nxc2 27. Bf3 a6 28. Rd5 Ne4 29. Rd7+ Kh6 30. Nd8 Ng5 31. Nf7+ Nxf7 32. Rxf7 Nb4 33. a3 Nd3 34. Rb7 Re1+ 35. Kh2 Rb1 36. Be2 Rxb2 37. Rxb2 Nxb2 38. Bxa6 Kg5 39. Kg3 h5 40. Bb5 h4+ 41. Kf3 Kf5 42. Ke2 Kf4 43. a4 Nxa4 44. Bxa4 Kg3 45. Kf1 g5 46. Bd7 Kf4 47. Kf2 Ke4 48. Bc6+ Kf4 49. Bf3 Ke5 50. Ke3 Kf5 51. Bg4+ Ke5 52. Bc8 Kf6 53. Ke4 Kg6 54. Ke5 Kh6 55. Kf6 Kh5 56. Bg4+ Kh6 57. Bf3 1-0

[Event "Treviso op-A 3rd"]
[Site "Treviso"]
[Date "2019.03.29"]
[Round "1.9"]
[White "Rosina, Graziano"]
[Black "Scian, Nicola"]
[Result "1/2-1/2"]
[WhiteElo "1763"]
[BlackElo "1877"]
[PlyCount "55"]
[EventDate "2019.03.29"]
[EventType "swiss"]
[EventRounds "5"]
[EventCountry "ITA"]
[SourceTitle "EXT 2024"]
[Source "ChessBase"]
[SourceDate "2023.10.10"]
[SourceVersion "1"]
[SourceVersionDate "2023.10.10"]
[SourceQuality "1"]

1. Nf3 d5 2. d4 Nf6 3. c4 e6 4. Nc3 Be7 5. Bf4 a6 6. c5 0-0 7. e3 Nbd7 8. Bd3 Re8 9. 0-0 Nf8 10. Ne5 N6d7 11. Qh5 Nxe5 12. Qxe5 c6 13. Na4 Bf6 14. Qc7 Nd7 15. Qxd8 Bxd8 16. Bd6 e5 17. f4 e4 18. Be2 f5 19. g3 Re6 20. h4 Rg6 21. Kf2 Nf6 22. Rh1 h5 23. Be5 Ng4+ 24. Bxg4 Rxg4 25. Nb6 Bxb6 26. cxb6 Rg6 27. Rhc1 Bd7 28. Rc5 1/2-1/2

[Event "Mogliano Veneto op-B 34th"]
[Site "Mogliano Veneto"]
[Date "2013.04.28"]
[Round "5"]
[White "Bozzao, Francesco"]
[Black "Rosina, Graziano"]
[Result "1-0"]
[WhiteElo "1857"]
[BlackElo "1784"]
[PlyCount "66"]
[EventDate "2013.04.25"]
[EventType "swiss"]
[EventRounds "6"]
[EventCountry "ITA"]
[SourceTitle "EXT 2015"]
[Source "ChessBase"]
[SourceDate "2014.11.20"]
[SourceVersion "1"]
[SourceVersionDate "2014.11.20"]
[SourceQuality "1"]

1. d4 d5 2. Nf3 Nf6 3. c4 c6 4. Nc3 e6 5. Bg5 Nbd7 6. e3 Qa5 7. Nd2 Bb4 8. Qc2 0-0 9. Rc1 dxc4 10. Bxf6 Nxf6 11. Nxc4 Qxa2 12. Bd3 Bxc3+ 13. Qxc3 Qa6 14. 0-0 Qb5 15. Ne5 Qd5 16. f3 Rd8 17. Rfd1 Qd6 18. Qe1 h6 19. Bb1 Qe7 20. Ba2 Bd7 21. e4 Be8 22. g4 Nd7 23. Nc4 Nb6 24. Ne3 h5 25. Rc5 hxg4 26. Nxg4 f6 27. Qg3 Kf8 28. Qh4 Kg8 29. Kh1 Bf7 30. Rg1 Kf8 31. Qh8+ Bg8 32. Nh6 Ke8 33. Qxg8+ Qf8 1-0